United states code service:commerce and trade 1601-1700 consumer credit regulations title 15 USCS (Record no. 619665)

MARC details
000 -LEADER
fixed length control field 00488nam a22001697a 4500
008 - FIXED-LENGTH DATA ELEMENTS--GENERAL INFORMATION
fixed length control field 260421b |||||||| |||| 00| 0 eng d
020 ## - INTERNATIONAL STANDARD BOOK NUMBER
Paper back/Hardbound hbk
082 ## - DEWEY DECIMAL CLASSIFICATION NUMBER
Classification number 348.7323 UNI.15
245 ## - TITLE STATEMENT
Title United states code service:commerce and trade 1601-1700 consumer credit regulations title 15 USCS
250 ## - EDITION STATEMENT
Edition statement Lawyers
260 ## - PUBLICATION, DISTRIBUTION, ETC. (IMPRINT)
Place of publication charlottesville:
Name of publisher Lexis Nexis,
Year of publication 2005.
300 ## - PHYSICAL DESCRIPTION
Number of Pages xxx,893p.
Dimensions :24cm.
650 ## - SUBJECT ADDED ENTRY--TOPICAL TERM
Topical Term commerce
Topical Term trade
942 ## - ADDED ENTRY ELEMENTS (KOHA)
Koha item type English Books
Holdings
Withdrawn status Lost status Damaged status Not for loan Home library Current library Shelving location Date acquired Full call number Accession Number Price effective from Koha item type
        Anna Centenary Library Anna Centenary Library 4TH FLOOR, A WING 21.04.2026 348.7323 UNI.15 478920 21.04.2026 English Books

Find us on the map